Tratados físicos, médicos y morales, vida natural y católica (Record no. 166539)

MARC details
000 -LEADER
campo de control de longitud fija 01110nam a22002055i 4500
001 - NÚMERO DE CONTROL
campo de control 166539
003 - IDENTIFICADOR DE NÚMERO DE CONTROL
campo de control ES-MaACL
005 - FECHA Y HORA DE LA ÚLTIMA TRANSACCIÓN
campo de control 20250730063147.0
008 - DATOS DE LONGITUD FIJA--INFORMACIÓN GENERAL
campo de control de longitud fija 960429s1794 sp |||| | spa d
040 ## - FUENTE DE CATALOGACIÓN
Centro catalogador/agencia de origen CAM
Lengua de catalogación spa
Centro/agencia transcriptor CAM
100 1# - ENTRADA PRINCIPAL--NOMBRE DE PERSONA
Nombre de persona Torres Villarroel, Diego de,
Fechas asociadas al nombre 1693-1770
9 (RLIN) 111026
245 10 - MENCIÓN DEL TÍTULO
Título Tratados físicos, médicos y morales, vida natural y católica
Resto del título : medicina segura para mantener menos enferma la organización del cuerpo y asegurar al alma la eterna salud /
Mención de responsabilidad, etc. por... Diego de Torres Villarroel...; tomo IV.
260 ## - PUBLICACIÓN, DISTRIBUCIÓN, ETC.
Lugar de publicación, distribución, etc. Madrid :
Nombre del editor, distribuidor, etc. en la imprenta de la viuda de Ibarra,
Fecha de publicación, distribución, etc. 1794.
300 ## - DESCRIPCIÓN FÍSICA
Extensión [14], VI, 431 p. ;
Dimensiones 8º.
594 ## - Nota al título y mención de responsabilidad
Nota al título y mención de responsabilidad Según Palau, 337393 es el tomo IV de las Obras.
597 ## - NOTA DE DESCRIPCIÓN FÍSICA
NOTA DE DESCRIPCIÓN FÍSICA Sign.: A2-8, *1, 2*2, B-2E8.
650 04 - PUNTO DE ACCESO ADICIONAL DE MATERIA--TÉRMINO DE MATERIA
Término de materia o nombre geográfico como elemento de entrada Medicina-
Subdivisión de forma Obras anteriores a 1800
9 (RLIN) 14912
852 ## - LOCALIZACIÓN
Ubicación ES-MaACL
Número de control de estantería R-2207-21
Nota libre -- Enc. pasta española
-- -- Prelim. mal enc. y las VI pp. de Indices enc. al final de la obra
Encuadernación -- Edic.: según Palau es el T. IV de la segunda ed. de las "Obras" -- Añadir T596 Marca tip. en port. Olim: C-31414-28.
Holdings
Estatus retirado Estado de pérdida Estado de daño No para préstamo Colección Biblioteca de origen Biblioteca actual Ubicación en estantería Fecha de adquisición Total de préstamos Signatura topográfica completa Código de barras Visto por última vez Precio de reemplazo Tipo de ítem Koha
        Libros del s. XVIII Biblioteca del Ateneo de Madrid Biblioteca del Ateneo de Madrid Depósito 17/01/2008   R-2207-21 1174669 23/02/2023 23/02/2023 Libro impreso antiguo